| 000 | 00478nam a2200193Ia 4500 | ||
|---|---|---|---|
| 005 | 20250326142609.0 | ||
| 008 | 250326s9999 xx 000 0 und d | ||
| 037 | _aTextbook | ||
| 040 |
_aFMSL _beng _cFMSL |
||
| 041 |
_aeng _2eng |
||
| 084 | _qFMSL | ||
| 100 | _aDornbusch R | ||
| 245 | 0 |
_aMacro Economics _cDornbusch R; Fischer S |
|
| 250 | _aed5 | ||
| 260 |
_aNew York _bNew York, McGraw Hill _c1990 |
||
| 300 | _a843p | ||
| 942 | _cTB | ||
| 999 |
_c1295755 _d1295755 |
||